000 00677nam a2200265Ia 4500
005 20260121165452.0
008 008 260114s9999 xx 000 0 eng d
020 _a9783319457130
037 _aEBOOK
040 _aCRL
040 _beng
040 _cCRL
041 _2eng
041 _aeng
084 _qCRL
100 _aJonas O. Wolff, Stanislav N. Gorb
_91052081
245 0 _aAttachment Structures and Adhesive Secretions in Arachnids
260 _bSpringer
260 _bSpringer
260 _c2016
856 _uhttps://link.springer.com/openurl?genre=book&isbn=978-3-319-45713-0
942 _cEBOOK
999 _c1617806
_d1617806